Polymer grafts in biochemistry (Record no. 24640)

MARC details
000 -LEADER
fixed length control field 00315nam a2200121Ia 4500
082 ## - DEWEY DECIMAL CLASSIFICATION NUMBER
Classification number 577.1:541.64
Item number HIX
245 #0 - TITLE STATEMENT
Title Polymer grafts in biochemistry
260 ## - PUBLICATION, DISTRIBUTION, ETC. (IMPRINT)
Place of publication New York
Name of publisher Marcel Dekker
700 ## - ADDED ENTRY--PERSONAL NAME
Personal name Goldberg, Eugene P
700 ## - ADDED ENTRY--PERSONAL NAME
Personal name Hixon, Harry F
942 ## - ADDED ENTRY ELEMENTS (KOHA)
Koha item type Books
Holdings
Withdrawn status Lost status Damaged status Not for loan Home library Current library Date acquired Cost, normal purchase price Full call number Accession Number Koha item type
        RRII Library RRII Library 16/12/2021 29.75 577.1:541.64 HIX 05314 Books